Statistics for Gondor (Lord of the Rings Quiz)

Click here to take the quiz!

General Stats

  • This quiz has been taken 15 times
  • The average score is 13 of 15

Answer Stats

HintAnswer% Correct
Who is the steward of Gondor during the war of the Ring?
Denethor
100%
Which city is the capital of Gondor during the war of the ring?
Minas Tirith
100%
What is the name of the steward's elder son?Boromir
92%
What is the name of the steward's younger son?Faramir
92%
What is the original name for the city known as Minas Morgul during the war of the Ring?Minas Ithil
92%
From which race of men are the people of Gondor descended?Númenóreans
92%
What item does the eldest son of the ruling family carry with him?The Horn of Gondor
92%
What was the name of his wife?Finduilas
85%
What are the names if Elendil's two sons?Isildur and Anárion
85%
What was this city formerly known as?Minas Anor
85%
What did this name mean?Tower of the Moon or Tower of the Rising Moon
85%
What did the original name mean?Tower of the Sun or Tower of the Setting Sun
85%
What city was the first capital of Gondor?Osgiliath
77%
What does this name mean?Tower of Guard
77%
What does the name Minas Morgul mean?Tower of Dark Sorcery
62%

Score Distribution

Percentile by Number Answered

Percent of People with Each Score

Your Score History

You have not taken this quiz